<?xml version="1.0" encoding="UTF-8"?>
<record
    xmlns:xsi="http://www.w3.org/2001/XMLSchema-instance"
    xsi:schemaLocation="http://www.loc.gov/MARC21/slim http://www.loc.gov/standards/marcxml/schema/MARC21slim.xsd"
    xmlns="http://www.loc.gov/MARC21/slim">

  <leader>01886nam a22003494a 4500</leader>
  <controlfield tag="001">416</controlfield>
  <controlfield tag="003">OSt</controlfield>
  <controlfield tag="005">20250528074019.0</controlfield>
  <controlfield tag="008">130130s2012    spb    g      000 f por  </controlfield>
  <datafield tag="020" ind1=" " ind2=" ">
    <subfield code="a">9788580444483</subfield>
  </datafield>
  <datafield tag="040" ind1=" " ind2=" ">
    <subfield code="b">por</subfield>
  </datafield>
  <datafield tag="041" ind1="1" ind2=" ">
    <subfield code="a">por</subfield>
    <subfield code="h">eng</subfield>
  </datafield>
  <datafield tag="082" ind1=" " ind2=" ">
    <subfield code="a">813</subfield>
    <subfield code="b">F245t</subfield>
  </datafield>
  <datafield tag="100" ind1=" " ind2=" ">
    <subfield code="a">Farrell, S. L.</subfield>
    <subfield code="d">1951-</subfield>
    <subfield code="9">894</subfield>
  </datafield>
  <datafield tag="240" ind1="0" ind2="0">
    <subfield code="a">A magic of twilight.</subfield>
  </datafield>
  <datafield tag="245" ind1="1" ind2="2">
    <subfield code="a">O trono do sol :</subfield>
    <subfield code="b">a magia da alvorada /</subfield>
    <subfield code="c">S. L. Farrel ; tradu&#xE7;&#xE3;o Andr&#xE9; Gordirro. -</subfield>
  </datafield>
  <datafield tag="260" ind1=" " ind2=" ">
    <subfield code="a">S&#xE3;o Paulo :</subfield>
    <subfield code="b">Leya,</subfield>
    <subfield code="c">2012.</subfield>
  </datafield>
  <datafield tag="300" ind1=" " ind2=" ">
    <subfield code="a">574p. ;</subfield>
  </datafield>
  <datafield tag="490" ind1="1" ind2=" ">
    <subfield code="a">O ciclo ness&#xE2;ntico </subfield>
    <subfield code="v">vol. 01</subfield>
  </datafield>
  <datafield tag="500" ind1=" " ind2=" ">
    <subfield code="a">Tradu&#xE7;&#xE3;o de: A magic of twilight.</subfield>
  </datafield>
  <datafield tag="520" ind1="3" ind2=" ">
    <subfield code="a">Ness&#xE2;ntico - terra de lux&#xFA;ria e perigos, que durante s&#xE9;culos influenciou povos al&#xE9;m de suas fronteiras. Uma cidade forte, sedutora, e que mesmo sob o efeito do com&#xE9;rcio e da guerra, abriga intelectuais, ricos e poderosos de todo o pa&#xED;s. Governada por Marguerite ca'Ludovici, que agora prepara-se para celebrar seu Jubileu e passar o legado para seu filho Justi, a cidade assiste Jan ca'V&#xF6;rl, um poderoso nobre, armar uma rebeli&#xE3;o. Archigos Dhosti ca'Millac, l&#xED;der da F&#xE9; de Conc&#xE9;nzia e aliado de Marguerite, luta para controlar fundamentalistas como Orlandi ca'Cellibrecca, enquanto eles clamam por uma a&#xE7;&#xE3;o contra aqueles que insistem em afirmar que a magia n&#xE3;o est&#xE1; ligada &#xE0; f&#xE9; em C&#xE9;nzi. Presa no meio desta disputa por poder est&#xE1; a jovem sacerdotisa Ana co'Seranta, cuja impressionante habilidade com a magia a torna um pe&#xE3;o na luta pelo poder.</subfield>
  </datafield>
  <datafield tag="650" ind1="0" ind2="0">
    <subfield code="a">Literatura Americana</subfield>
    <subfield code="9">84</subfield>
  </datafield>
  <datafield tag="650" ind1="0" ind2="0">
    <subfield code="a">Fantasia &#xC9;pica</subfield>
    <subfield code="9">902</subfield>
  </datafield>
  <datafield tag="650" ind1="0" ind2="0">
    <subfield code="a">Magia e poderes sobrenaturais</subfield>
    <subfield code="9">903</subfield>
  </datafield>
  <datafield tag="650" ind1="0" ind2="0">
    <subfield code="a">Luta pelo poder</subfield>
    <subfield code="9">904</subfield>
  </datafield>
  <datafield tag="650" ind1="0" ind2="0">
    <subfield code="a">Cultura e mitologia fict&#xED;cia</subfield>
    <subfield code="9">905</subfield>
  </datafield>
  <datafield tag="655" ind1=" " ind2="0">
    <subfield code="a">Romance</subfield>
    <subfield code="9">23</subfield>
  </datafield>
  <datafield tag="655" ind1=" " ind2="0">
    <subfield code="a">Fic&#xE7;&#xE3;o </subfield>
    <subfield code="9">22</subfield>
  </datafield>
  <datafield tag="700" ind1=" " ind2=" ">
    <subfield code="a">Gordirro, Andr&#xE9;</subfield>
    <subfield code="9">896</subfield>
  </datafield>
  <datafield tag="830" ind1=" " ind2=" ">
    <subfield code="a">O ciclo ness&#xE2;ntico ;</subfield>
    <subfield code="v">vol. 01</subfield>
    <subfield code="9">895</subfield>
  </datafield>
  <datafield tag="942" ind1=" " ind2=" ">
    <subfield code="2">ddc</subfield>
    <subfield code="c">BK</subfield>
  </datafield>
  <datafield tag="952" ind1=" " ind2=" ">
    <subfield code="0">0</subfield>
    <subfield code="1">0</subfield>
    <subfield code="2">ddc</subfield>
    <subfield code="4">0</subfield>
    <subfield code="7">0</subfield>
    <subfield code="8">FIC</subfield>
    <subfield code="a">BIBIB</subfield>
    <subfield code="b">BIBIB</subfield>
    <subfield code="c">LE</subfield>
    <subfield code="d">2025-05-19</subfield>
    <subfield code="e">doa&#xE7;&#xE3;o</subfield>
    <subfield code="l">0</subfield>
    <subfield code="o">813 / F245t</subfield>
    <subfield code="p">2025-17354</subfield>
    <subfield code="r">2025-05-19 07:56:31</subfield>
    <subfield code="w">2025-05-19</subfield>
    <subfield code="y">BK</subfield>
  </datafield>
  <datafield tag="999" ind1=" " ind2=" ">
    <subfield code="c">416</subfield>
    <subfield code="d">416</subfield>
  </datafield>
</record>
